• 首页
  • 本馆介绍
  • 公告通知
  • 最新文献
  • 馆藏检索
  • 电子资源
  • 读者导购
  • 参考咨询
  • 我的图书馆
  • 登录
  • 详细信息显示
  • 放入我的书架
  • 预约/预借图书
  • 作者相关作品
  • 分类相关作品
  • 丛书相关作品
  • 出版社相关作品

书目信息

  • 表格格式
  • 工作单格式
  • 卡片格式
题名:
走进高中地理教学现场
    
 
作者: 林成策 , 程菊 主编 ;王桂林 编
分册:  
出版信息: 北京   首都师范大学出版社  2011.3
页数: 325页
开本: 23cm
丛书名: 行知书系
单 册:
中图分类: G633.552
科图分类:
主题词: 中学地理课--教案(教育)--高中 , 中学地理课 , 教案(教育)
电子资源:
ISBN: 978-7-81119-188-2
000 01162oam2 2200313 45
001 1355427093
005 20130513110323.76
010    @a978-7-81119-188-2@dCNY39.50@z7-81119-188-1
100    @a20130108d2011 em y0chiy50 ea
101 0  @achi
102    @aCN@b110000
105    @aa z 000yy
106    @ar
200 1  @a走进高中地理教学现场@AZou Jin Gao Zhong Di Li Jiao Xue Xian Chang@f林成策,程菊主编@FLin Cheng Ce, Cheng Ju Zhu Bian@g王桂林[等]编
205    @a2版
210    @a北京@c首都师范大学出版社@d2011.3
215    @a325页@c图@d23cm
225 2  @a行知书系@i普通高中新课程教学实施案例研修丛书@1701 0@a李清民@4主编
330    @a本书内容包括教学系统设计中的课程资源开发、地理学科的课堂教学、地理学科的研究性学习、地理学科的学习评价等。
461  0 @12001 @a行知书系@i普通高中新课程教学实施案例研修丛书@1701 0@a李清民@4主编
606 0  @a中学地理课@x教案(教育)@x高中
606 0  @a中学地理课
606 0  @a教案(教育)
690    @aG633.552@v5
701  0 @a林成策@ALin Cheng Ce@4主编
701  0 @a程菊@ACheng Ju@4主编
702  0 @a王桂林@AWang Gui Lin@4编
801    @aCN@bTANGWEI@c20130111
905    @b0831279-81@dG633.552@e296=2@f3
    
    走进高中地理教学现场/林成策,程菊主编/王桂林[等]编.-2版.-北京:首都师范大学出版社,2011.3
    325页:图;23cm.-(行知书系.普通高中新课程教学实施案例研修丛书李清民)
    
    
    ISBN 978-7-81119-188-2:CNY39.50
    本书内容包括教学系统设计中的课程资源开发、地理学科的课堂教学、地理学科的研究性学习、地理学科的学习评价等。
●
相关链接 在E读中查询图书 在五车中查询图书 在当当中查询图书 在豆瓣中查询图书


正题名:走进高中地理教学现场     索取号:G633.552/296=2         预约/预借

序号 登录号 条形码 馆藏地/架位号 状态 备注
1 0831279   208312798   第一样本阅览室/ [索取号:G633.552/296=2] 在馆    
2 0831280   208312805   资源管理系资料室/ [索取号:G633.552/296=2] 在馆    
3 0831281   208312814   第四借阅区/ [索取号:G633.552/296=2] 在馆    
唐山师范学院图书馆 欢迎您!
大连网信软件有限公司© 版权所有